La empresa del siglo XXI (Registro nro. 45605)
[ vista simple ]
| 000 -CABECERA | |
|---|---|
| Longitud fija campo de control | 00815naa a2200229 4500 |
| 001 - NÚMERO DE CONTROL | |
| Número de control | 45605 |
| 003 - IDENTIFICADOR DE NÚMERO DE CONTROL | |
| Identificador del número de control | ES-MaCES |
| 005 - FECHA Y HORA DE LA ÚLTIMA TRANSACCIÓN | |
| Fecha y hora de la última transacción | 20150925133438.0 |
| 008 - CAMPO FIJO DE DESCRIPCIÓN FIJA--INFORMACIÓN GENERAL | |
| Códigos de información de longitud fija | 000000s2013 sp ||||| t||||||| ||spa d |
| 040 ## - FUENTE DE CATALOGACIÓN | |
| Centro catalogador de origen | ES-MaCES |
| Lengua de catalogación | spa |
| Centro transcriptor | ES-MaCES |
| 245 03 - MENCIÓN DE TÍTULO | |
| Título | La empresa del siglo XXI |
| 650 #4 - ASIENTO SECUNDARIO DE MATERIA--TÉRMINO DE MATERIA | |
| 9 (RLIN) | 30146 |
| Término de materia o nombre geográfico como elemento inicial | responsabilidad del empleador |
| 650 #4 - ASIENTO SECUNDARIO DE MATERIA--TÉRMINO DE MATERIA | |
| 9 (RLIN) | 28270 |
| Término de materia o nombre geográfico como elemento inicial | competitividad |
| 650 #4 - ASIENTO SECUNDARIO DE MATERIA--TÉRMINO DE MATERIA | |
| 9 (RLIN) | 28378 |
| Término de materia o nombre geográfico como elemento inicial | participación de los trabajadores |
| 650 #4 - ASIENTO SECUNDARIO DE MATERIA--TÉRMINO DE MATERIA | |
| 9 (RLIN) | 27136 |
| Término de materia o nombre geográfico como elemento inicial | cooperativa |
| 650 #4 - ASIENTO SECUNDARIO DE MATERIA--TÉRMINO DE MATERIA | |
| 9 (RLIN) | 30173 |
| Término de materia o nombre geográfico como elemento inicial | pequeña empresa |
| 653 10 - TÉRMINO DE INDEXACIÓN--NO CONTROLADO | |
| Término no controlado | Empresa |
| 650 #4 - ASIENTO SECUNDARIO DE MATERIA--TÉRMINO DE MATERIA | |
| 9 (RLIN) | 28178 |
| Término de materia o nombre geográfico como elemento inicial | empresa |
| 773 0# - ENTRADA DE DOCUMENTO FUENTE | |
| Itemnumber del ítem fuente | 81994 |
| Lugar, editor y fecha de publicación | Madrid (Fuencarral, 127, 28010) Iniciativas editoriales Sistema 1994- |
| Otro identificador del documento | 084899 |
| Título | Temas para el debate |
| Número de control del registro relacionado | (ES-MaCES)25480 |
| Parte(s) relacionada(s) | n. 222 (mayo 2013) {10474 R. 084899} ; 56 p. |
| 902 ## - CES. TIPO DE DOCUMENTO | |
| Tipodoc (006$c Sirtex) | MON Monográfico de revista |
| 942 ## - ELEMENTOS KOHA | |
| Fuente de clasificaión o esquema | Clasificación propia del CES |
| Koha [por defecto] tipo de item | Artículos (1982-2017) |
| Parte de clasificación | Economía |
No hay ítems disponibles.
